Statistics for Famous world records

Click here to take the quiz!

General Stats

  • This quiz has been taken 11 times
    (3 since last reset)
  • The average score is 7 of 32

Answer Stats

time/measuregenderyearevent and owner% Correct
9.58 smen2009100 m (Usain Bolt, JAM)
100%
50.68 swomen2022400 m hs (Sydney McLaughlin, USA)
100%
10.49 swomen1988100 m (Florence Griffith-Joyner, USA)
50%
19.19 smen2009200 m women (Usain Bolt, JAM)
50%
47.60 swomen1985400 m (Marita Koch, GDR)
50%
2.45 mmen1993High jump (Javier Sotomayor, CUB)
50%
2.09 mwomen1987High jump (Stefka Kostadinova, BGR)
50%
98.48 mmen1996Javelin (Jan Železný, CZE)
50%
6.22 mmen2023Pole vault (Armand Duplantis, SWE)
50%
18.29 mmen1995Triple jump (Jonathan Edwards, GBR)
50%
15.74 mwomen2022Triple jump (Yulimar Rojas, VEN)
50%
49.45men2021100 m butterfly (Caleb Dressel, USA)
0%
21.34 swomen1988200 m (Florence Griffith-Joyner, USA)
0%
1:52.85women2023200 m freestyle (Mollie O'Callaghan, AUS)
0%
1:42.00men2009200 m freestyle (Paul Biedermann, DEU)
0%
2:06.12women2015200 m mixed (Katinka Hosszú, HUN)
0%
3:55.38women2023400 m freestyle (Ariarne Titmus, AUS)
0%
45"94men2021400 m hs(Karsten Warholm, NOR)
0%
43.03 smen2016400 m (Wayde van Niekerk, ZAF)
0%
14:05.20women20235000 m (Faith Kipyegon, KEN)
0%
24.43 swomen201450 m butterfly (Sarah Sjöström, SWE)
0%
8:04.79women2016800 m freestyle (Katie Ledecky, USA)
0%
860 goalsmen2021-2023Goals in official football matches (Cristiano Ronaldo, POR)
0%
56.792 kmmen2022Hour record (Filippo Ganna, ITA)
0%
8.95 mmen1991Long jump (Mike Powell, USA)
0%
372.5 km/hopen2016Max speed on a Formula 1 car (Valtteri Bottas, FIN)
0%
103 GPsopen2007-2021No. of won Formula 1 grand prixes (Lewis Hamilton, GBR)
0%
5.06 mwomen2009Pole vault (Yelena Isinbayeva, RUS)
0%
22.63 mwomen1987Shot put (Natalya Lisovskaya, URS)
0%
8 in a rowmen2011-2019Ski alpine world cup (Marcel Hirscher, AUT)
0%
88 victorieswomen2012-2023Ski alpine world cup victories (Mikaela Shiffrin, USA)
0%
247.083 km/hwomen2016Speed skiing (Valentina Greggio, ITA)
0%

Score Distribution

Percentile by Number Answered

Percent of People with Each Score

Your Score History

You have not taken this quiz since the last reset